000
00184 a2200097 4500
020
_a
9780060589288
041
_a
eng
100
_a
Coehlo, Paulo
245
_a
Eleven Minutes
942
_c
BK
999
_c
7716
_d
7716